Tendencie vývoja logistických parkov

Bibliographic Details
Main Author: Kováčiková, Naďa (Author)
Format: Article
Language:Slovak
ISSN:1336-393X
Subjects:

MARC

LEADER 00000nab a2200000 a 4500
001 vtls010057307
003 SK-MaSNL
005 20260426101632.0
008 250507c2009 xo mr|p|||||||000 b|slo
015 |a SNBRB2010/01  |2 snkbucl 
035 |a urn:nbn:sk:snk-ab8bzk 
035 |a (urnnbn)urn:nbn:sk:snk:ar-a07vqs 
035 |a (uuid)be98f832-50f1-4886-9356-0bf8a0dfbaa7 
038 |a SNKBUCL 
040 |a SNKBUCL  |b slo  |c SNKBUCL  |e AACR2 
041 0 |a slo 
044 |a xo  |c SK 
080 |a 332.122.62:658.8.012.34  |x (437.6)  |x (4-11)  |2 2001 
080 |a 658.8.012.34  |2 2001 
080 |a 658.788.012.34  |2 2001 
080 |a 656.073.1/.3  |2 2001 
100 1 |a Kováčiková, Naďa  |4 aut  |9 1582024 
245 1 0 |a Tendencie vývoja logistických parkov  |c Naďa Kováčiková 
650 0 7 |a logistické parky  |2 snkbucl  |9 1038023 
651 7 |a Slovensko  |2 snkbucl  |9 14231 
651 7 |a Európa stredná  |2 snkbucl  |9 23970 
651 7 |a Európa východná  |2 snkbucl  |9 167635 
773 0 |t Eurobiznis  |g Roč. 9., č. 11 (2009), s. 30-31  |x 1336-393X 
850 |a Slovenská národná knižnica 
852 |a Slovenská národná knižnica 
954 |a odborná, vedecká literatúra pôvodná (slovenská)  |2 lita 
958 |a article9 
958 |a OND 
958 |a SK 
958 |a EUIPO 
999 |c 3235146  |d 3237076